[Event "Keres Memorial rap 27th"]
[Site "Tallinn"]
[Date "2018.01.13"]
[Round "6"]
[White "Shlykov, Vitali"]
[Black "Meskovs, Nikita"]
[Result "0-1"]
[WhiteElo "2245"]
[BlackElo "2546"]
[PlyCount "64"]
[EventDate "2018.01.13"]
[EventType "swiss (rapid)"]
[EventRounds "11"]
[EventCountry "EST"]
[SourceTitle "CBM 182 Extra"]
[Source "ChessBase"]
[SourceDate "2018.02.23"]
[SourceVersion "1"]
[SourceVersionDate "2018.02.23"]
[SourceQuality "1"]

1. d4 Nf6 2. g3 d5 3. Bg2 e6 4. Nf3 b5 5. a4 b4 6. 0-0 Nbd7 7. Nbd2 c5 8. e4 Be7 9. e5 Ng4 10. c4 bxc3 11. bxc3 Ba6 12. Re1 cxd4 13. cxd4 h5 14. h4 Rc8 15. Nf1 Nb6 16. a5 Nc4 17. Bg5 Nb2 18. Qb3 Nd3 19. Re2 Bxg5 20. Nxg5 Nc1 21. Qa4+ Qd7 22. Rd2 Ne2+ 23. Rxe2 Qxa4 24. Rxa4 Bxe2 25. Rb4 Ba6 26. f3 Nh6 27. Ne3 0-0 28. f4 g6 29. Bh3 Nf5 30. Bxf5 gxf5 31. Kf2 Rb8 32. Nc2 Bd3 0-1

[Event "Keres Memorial rap qual 22nd"]
[Site "Tallinn"]
[Date "2013.01.11"]
[Round "4"]
[White "Maiorov, Nikita"]
[Black "Shlykov, Vitali"]
[Result "1-0"]
[WhiteElo "2537"]
[BlackElo "2245"]
[PlyCount "63"]
[EventDate "2013.01.11"]
[EventType "swiss"]
[EventRounds "7"]
[EventCountry "EST"]
[SourceTitle "CBM 152 Extra"]
[Source "ChessBase"]
[SourceDate "2013.02.25"]
[SourceVersion "1"]
[SourceVersionDate "2013.02.25"]
[SourceQuality "1"]

1. d4 Nf6 2. c4 g6 3. g3 Bg7 4. Bg2 0-0 5. Nc3 d6 6. Nf3 Nbd7 7. 0-0 e5 8. e4 c6 9. b3 exd4 10. Nxd4 Re8 11. h3 Nc5 12. Re1 a5 13. Bf4 Nh5 14. Be3 Qe7 15. Qc2 Nf6 16. Rad1 h6 17. f3 Kh7 18. Bf2 Bd7 19. f4 Rad8 20. a3 Bc8 21. Qb1 Qc7 22. b4 axb4 23. axb4 Ne6 24. Nde2 Kg8 25. Na4 c5 26. Nec3 Nd4 27. bxc5 dxc5 28. e5 Nh5 29. Nd5 Qa5 30. Nac3 Bf5 31. Qb2 Bc2 32. Ra1 1-0

[Event "EST-ch U20"]
[Site "Narva"]
[Date "2006.08.19"]
[Round "8"]
[White "Shlykov, Vitali"]
[Black "Zacurdajev, Mikhail"]
[Result "1/2-1/2"]
[WhiteElo "2245"]
[BlackElo "2397"]
[PlyCount "72"]
[EventDate "2006.08.15"]
[EventType "tourn"]
[EventRounds "9"]
[EventCountry "EST"]
[EventCategory "2"]
[SourceTitle "CBM 113 Extra"]
[Source "ChessBase"]
[SourceDate "2006.09.14"]
[SourceVersion "1"]
[SourceVersionDate "2006.09.14"]
[SourceQuality "1"]

1. e4 e6 2. d3 d5 3. Nd2 Nf6 4. g3 dxe4 5. dxe4 e5 6. Ngf3 Nc6 7. c3 a5 8. Bb5 Bc5 9. h3 Qe7 10. Qe2 0-0 11. a4 Bd7 12. Kf1 Ne8 13. Nh4 g6 14. Ndf3 Ng7 15. Kg2 Rae8 16. Rd1 Kh8 17. Bc4 Be6 18. Bd5 f6 19. Be3 Bxe3 20. Qxe3 g5 21. Nf5 Nxf5 22. exf5 Bxf5 23. Re1 Bxh3+ 24. Kh2 Bf5 25. Kg2 Rd8 26. Rad1 e4 27. Bxc6 Rxd1 28. Rxd1 bxc6 29. Nd4 Bd7 30. Nb3 Rd8 31. Kg1 Be6 32. Rxd8+ Qxd8 33. Nxa5 Qd1+ 34. Kh2 Qh5+ 35. Kg1 Qd1+ 36. Kh2 Bd5 1/2-1/2

[Event "EST-ch U20"]
[Site "Narva"]
[Date "2006.08.17"]
[Round "4"]
[White "Onischuk, Vladimir"]
[Black "Shlykov, Vitali"]
[Result "1-0"]
[WhiteElo "2411"]
[BlackElo "2245"]
[PlyCount "95"]
[EventDate "2006.08.15"]
[EventType "tourn"]
[EventRounds "9"]
[EventCountry "EST"]
[EventCategory "2"]
[SourceTitle "CBM 113 Extra"]
[Source "ChessBase"]
[SourceDate "2006.09.14"]
[SourceVersion "1"]
[SourceVersionDate "2006.09.14"]
[SourceQuality "1"]

1. e4 e6 2. d4 d5 3. Nc3 dxe4 4. Nxe4 Nf6 5. Nxf6+ gxf6 6. Be3 Nd7 7. Nf3 a6 8. Qd2 b5 9. d5 Bb7 10. dxe6 fxe6 11. a4 b4 12. Bc4 Qe7 13. 0-0-0 Bxf3 14. gxf3 Ne5 15. Be2 Qd6 16. f4 Nf7 17. Qe1 Qc6 18. Bh5 b3 19. Qc3 Qxc3 20. bxc3 Ba3+ 21. Kb1 bxc2+ 22. Kxc2 Bd6 23. Rhg1 Ke7 24. Rg7 Raf8 25. c4 Bb4 26. c5 Rhg8 27. Rxh7 Rh8 28. Rxf7+ Rxf7 29. Bxf7 Kxf7 30. Rd7+ Kg6 31. Rxc7 Kf5 32. c6 Ke4 33. Rd7 Ba5 34. Bd2 Bb6 35. a5 Bxf2 36. c7 Rc8 37. Bb4 Be3 38. Bd6 Bxf4 39. Bxf4 Kxf4 40. Kd3 e5 41. Kc4 e4 42. Kd5 e3 43. Re7 e2 44. Kc6 Kf3 45. Kb7 Rf8 46. c8Q Rxc8 47. Kxc8 Kf2 48. h4 1-0

[Event "Wch U20"]
[Site "Istanbul"]
[Date "2005.11.19"]
[Round "10"]
[White "Citak, Selim"]
[Black "Shlykov, Vitali"]
[Result "1/2-1/2"]
[WhiteElo "2291"]
[BlackElo "2238"]
[PlyCount "94"]
[EventDate "2005.11.09"]
[EventType "swiss"]
[EventRounds "13"]
[EventCountry "TUR"]
[SourceTitle "CBM 109 Extra"]
[Source "ChessBase"]
[SourceDate "2006.01.03"]
[SourceVersion "2"]
[SourceVersionDate "2006.01.03"]
[SourceQuality "1"]

1. d4 Nf6 2. c4 g6 3. Nc3 Bg7 4. e4 d6 5. Nf3 0-0 6. Be2 e5 7. 0-0 Nc6 8. d5 Ne7 9. Nd2 Ne8 10. b4 f5 11. c5 Kh8 12. Nc4 Ng8 13. Ba3 Ngf6 14. f3 Rf7 15. b5 Bf8 16. b6 axb6 17. cxb6 cxb6 18. Qb3 f4 19. Rab1 Nd7 20. Bc1 Ra6 21. Bd2 h5 22. Be1 g5 23. Bf2 g4 24. fxg4 Nc5 25. Qd1 Rg7 26. Bxc5 bxc5 27. gxh5 Bh3 28. Bf3 Qg5 29. Rb2 Nf6 30. Kh1 Bg4 31. Bxg4 Nxg4 32. Qf3 Qxh5 33. Qh3 Qxh3 34. gxh3 Nf6 35. Rfb1 Rh7 36. Kg2 f3+ 37. Kg3 Bh6 38. Kxf3 Bf4 39. Kg2 Ra8 40. Nxd6 Rg8+ 41. Kf1 Rxh3 42. Ne2 Ng4 43. Rxb7 Ne3+ 44. Ke1 Nc2+ 45. Kd1 Ne3+ 46. Ke1 Nc2+ 47. Kd1 Ne3+ 1/2-1/2

[Event "Wch U20"]
[Site "Istanbul"]
[Date "2005.11.12"]
[Round "4"]
[White "Zhigalko, Sergei"]
[Black "Shlykov, Vitali"]
[Result "1-0"]
[WhiteElo "2490"]
[BlackElo "2238"]
[PlyCount "47"]
[EventDate "2005.11.09"]
[EventType "swiss"]
[EventRounds "13"]
[EventCountry "TUR"]
[SourceTitle "CBM 109 Extra"]
[Source "ChessBase"]
[SourceDate "2006.01.03"]
[SourceVersion "2"]
[SourceVersionDate "2006.01.03"]
[SourceQuality "1"]

1. e4 e6 2. d4 d5 3. e5 c5 4. c3 Nc6 5. Nf3 Qb6 6. a3 Nh6 7. b4 cxd4 8. cxd4 Nf5 9. Be3 Nxe3 10. fxe3 f6 11. exf6 gxf6 12. Bd3 e5 13. Nh4 Be6 14. 0-0 0-0-0 15. Bf5 Ne7 16. Nc3 Bh6 17. Qd3 Bxe3+ 18. Qxe3 Nxf5 19. Nxf5 Bxf5 20. Na4 Qb5 21. Rxf5 Qxa4 22. Rxf6 exd4 23. Qf4 b6 24. Rf7 1-0

[Event "Wch U20"]
[Site "Istanbul"]
[Date "2005.11.10"]
[Round "2"]
[White "Krivokapic, Marko"]
[Black "Shlykov, Vitali"]
[Result "0-1"]
[WhiteElo "2361"]
[BlackElo "2238"]
[PlyCount "60"]
[EventDate "2005.11.09"]
[EventType "swiss"]
[EventRounds "13"]
[EventCountry "TUR"]
[SourceTitle "CBM 109 Extra"]
[Source "ChessBase"]
[SourceDate "2006.01.03"]
[SourceVersion "2"]
[SourceVersionDate "2006.01.03"]
[SourceQuality "1"]

1. e4 e6 2. d4 d5 3. e5 c5 4. c3 Nc6 5. Nf3 Qb6 6. a3 Nh6 7. b4 cxd4 8. cxd4 Nf5 9. Be3 f6 10. exf6 gxf6 11. Bd3 Nxe3 12. fxe3 e5 13. b5 Ne7 14. Be2 Nf5 15. Qb3 Bh6 16. Nc3 Nxe3 17. Nxd5 Nxd5 18. Qxd5 Be6 19. Qe4 0-0-0 20. Rd1 Kb8 21. 0-0 Bf4 22. Kh1 f5 23. Qc2 e4 24. Nh4 Qd6 25. d5 Bd7 26. g3 Bxg3 27. hxg3 Qxg3 28. Ng2 Rdg8 29. Bc4 Rc8 30. Rd4 Bxb5 0-1

[Event "Keres Memorial-B"]
[Site "Tallinn"]
[Date "2005.09.01"]
[Round "4"]
[White "Shlykov, Vitali"]
[Black "Shvyrjov, Igor"]
[Result "0-1"]
[WhiteElo "2213"]
[BlackElo "2476"]
[PlyCount "112"]
[EventDate "2005.08.30"]
[EventType "tourn (rapid)"]
[EventRounds "9"]
[EventCountry "EST"]
[EventCategory "4"]
[SourceTitle "CBM 108 Extra"]
[Source "ChessBase"]
[SourceDate "2005.11.04"]
[SourceVersion "1"]
[SourceVersionDate "2005.11.04"]
[SourceQuality "1"]

1. e4 c6 2. d4 g6 3. Nc3 Bg7 4. Bc4 d5 5. exd5 b5 6. Bb3 b4 7. Na4 cxd5 8. Nc5 Nf6 9. Nf3 0-0 10. Ne5 Na6 11. Ncd3 Qb6 12. 0-0 Nc7 13. Nc5 Ne6 14. Nxe6 Bxe6 15. a3 a5 16. axb4 axb4 17. Rxa8 Rxa8 18. Be3 Ne4 19. h4 Nd6 20. Qf3 Ra5 21. h5 Nf5 22. g4 Nxe3 23. fxe3 f6 24. Nd3 Qd6 25. Kg2 Bf7 26. g5 gxh5 27. gxf6 exf6 28. Nf4 Bh6 29. Qg3+ Bg5 30. Qh3 h4 31. Qf5 Kg7 32. e4 Bg6 33. e5 Bxf5 34. exd6 Be4+ 35. Kh2 Kf7 36. d7 Ke7 37. Nh5 Kxd7 38. Nxf6+ Bxf6 39. Rxf6 Ra1 40. Kh3 Rh1+ 41. Kg4 h3 42. Kg3 Ke7 43. Rh6 Rd1 44. Rxh3 Rxd4 45. Rh6 Bg6 46. Kf3 Kf6 47. Ke3 Ke5 48. Rh1 Re4+ 49. Kf2 Rf4+ 50. Kg3 Rf6 51. Rh4 Be4 52. Rh5+ Kd4 53. Rh2 Ke3 54. Rh5 Rg6+ 55. Kh3 Rg1 56. Rh4 Kf3 0-1

[Event "Keres Memorial-B"]
[Site "Tallinn"]
[Date "2005.08.31"]
[Round "2"]
[White "Shlykov, Vitali"]
[Black "Lauk, Ular"]
[Result "1/2-1/2"]
[WhiteElo "2213"]
[BlackElo "2368"]
[PlyCount "22"]
[EventDate "2005.08.30"]
[EventType "tourn (rapid)"]
[EventRounds "9"]
[EventCountry "EST"]
[EventCategory "4"]
[SourceTitle "CBM 108 Extra"]
[Source "ChessBase"]
[SourceDate "2005.11.04"]
[SourceVersion "1"]
[SourceVersionDate "2005.11.04"]
[SourceQuality "1"]

1. e4 e5 2. Nf3 Nf6 3. Nxe5 d6 4. Nf3 Nxe4 5. Nc3 Nxc3 6. dxc3 Be7 7. Bf4 Nc6 8. Qd2 Bg4 9. Be2 Qd7 10. 0-0-0 0-0-0 11. Rhe1 a6 1/2-1/2

[Event "EST-ch"]
[Site "Tallinn"]
[Date "2004.??.??"]
[Round "5"]
[White "Shlykov, Vitali"]
[Black "Kanep, Meelis"]
[Result "0-1"]
[WhiteElo "2140"]
[BlackElo "2425"]
[PlyCount "78"]
[EventDate "2004.??.??"]
[EventType "tourn"]
[EventRounds "9"]
[EventCountry "EST"]
[EventCategory "4"]
[SourceTitle "EXT 2007"]
[Source "ChessBase"]
[SourceDate "2006.11.23"]
[SourceVersion "1"]
[SourceVersionDate "2006.11.23"]
[SourceQuality "1"]

1. e4 c5 2. Nf3 d6 3. d4 cxd4 4. Nxd4 Nf6 5. Nc3 a6 6. Be3 e6 7. g4 h6 8. f4 Nc6 9. h3 Qc7 10. Bg2 Nd7 11. Qe2 g5 12. Nd5 exd5 13. exd5 Ne7 14. Nf5 Nc5 15. Bd4 Rg8 16. Nxd6+ Qxd6 17. Be5 Qb6 18. d6 gxf4 19. 0-0-0 Ne6 20. dxe7 Bxe7 21. Rd3 Nc5 22. Rc3 Be6 23. Rd1 Qb5 24. Qxb5+ axb5 25. a3 b4 26. axb4 Nd7 27. Bd6 Bxd6 28. Rxd6 h5 29. Bxb7 Ra1+ 30. Kd2 Ke7 31. Ra6 Rxa6 32. Bxa6 hxg4 33. hxg4 Rxg4 34. Be2 Rg2 35. Ke1 Ne5 36. b5 f3 37. Bxf3 Nxf3+ 38. Rxf3 Rxc2 39. b4 Rc4 0-1

[Event "Keres Memorial op"]
[Site "Tallinn"]
[Date "2004.??.??"]
[Round "?"]
[White "Shlykov, Vitali"]
[Black "Kiik, Kalle"]
[Result "1-0"]
[WhiteElo "2195"]
[BlackElo "2436"]
[PlyCount "53"]
[EventDate "2004.07.14"]
[EventType "swiss"]
[EventRounds "9"]
[EventCountry "EST"]
[SourceTitle "EXT 2018"]
[Source "ChessBase"]
[SourceDate "2017.10.13"]
[SourceVersion "1"]
[SourceVersionDate "2017.10.13"]
[SourceQuality "1"]

1. e4 c5 2. Nc3 e6 3. Nge2 a6 4. d4 cxd4 5. Nxd4 b5 6. Bd3 Bb7 7. 0-0 Qb6 8. Nf3 Qc7 9. e5 Nc6 10. Bf4 Nge7 11. Bg3 Ng6 12. Qe2 b4 13. Na4 Be7 14. h4 Qa5 15. b3 Bd8 16. h5 Nge7 17. Nd2 0-0 18. Nc4 Qd5 19. f3 Nd4 20. Qf2 Nef5 21. Nab6 Bxb6 22. Nxb6 Qc5 23. Nxd7 Qa7 24. Nxf8 Rxf8 25. Kh1 Rd8 26. Rad1 Qb6 27. Bf4 1-0